Statistics for US Marine Corps Rank

Click here to take the quiz!

General Stats

  • This quiz has been taken 10 times
  • The average score is 15 of 27

Answer Stats

Pay GradeAnswer% Correct
O-10General
89%
E-1Private
89%
E-5Sergeant
89%
O-3Captain
78%
E-8Master Sergeant
78%
E-2Private First Class
78%
E-4Corporal
67%
E-3lance Corporal
67%
O-9Lieutenant General
67%
O-4Major
67%
O-7Brigadier General
56%
O-6Colonel
56%
E-7Gunnery Sergeant
56%
O-5Lieutenant Colonel
56%
O-8Major General
56%
E-9Sergeant Major
56%
E-9Sergeant Major of the Marine Corps
56%
O-2First Lieutenant
44%
E-8First Sergeant
44%
E-9Master Gunnery Sergeant
44%
O-1Second Lieutenant
44%
E-6Staff Sergeant
44%
W-2Chief Warrant officer 2
33%
W-1Warrant Officer 1
33%
W-3Chief Warrant officer 3
22%
W-4Chief Warrant officer 4
22%
W-5Chief Warrant officer 5
22%

Score Distribution

Percentile by Number Answered

Percent of People with Each Score

Your Score History

You have not taken this quiz